Trouvez le Personnage Historique #2 - Statistiques

Statistiques générales
  • Ce quiz a été pris 86 fois
  • Le résultat moyen est 6 sur 15
Statistiques - réponses
Par images Réponse % Correct
Jeanne d'Arc
92%
Pelé
77%
Louis XVI
72%
Pablo Picasso
57%
Georges Clémenceau
51%
Platon
50%
Richard Cœur de Lion
46%
Louis Pasteur
28%
Victoria
26%
Emmanuel Kant
20%
Colbert
19%
Roland Garros
19%
Gustave Eiffel
18%
Théodora
11%
Thomas d'Aquin
11%
Aucun quiz correspondant
Distribution des résultats
% des personnes avec chaque résultat
Percentile par nombre de réponses
Votre historique - résultats
Vous n’avez pas pris ce quiz